| 000 | 00449nam a22001697a 4500 | ||
|---|---|---|---|
| 003 | NUST - PNEC | ||
| 005 | 20170116180906.0 | ||
| 008 | 150902b xxu||||| |||| 00| 0 eng d | ||
| 022 | _2- | ||
| 040 | _cLIBRARY | ||
| 082 | _a620.106 PUC | ||
| 100 |
_96706 _aPucci, Paul F. |
||
| 245 |
_aSupplementary notes for me 3220 Part-III turbomachinery _cPaul F. Pucci |
||
| 260 | _cc.1983 | ||
| 650 |
_96708 _aMechanical Engineering _xME |
||
| 942 |
_2ddc _cBK |
||
| 999 |
_c65120 _d65120 |
||